MLB Teams With the Most World Series Wins - Statistics

General Stats
  • This quiz has been taken 167 times
  • The average score is 9 of 10
Answer Stats
World Series Wins MLB Team % Correct
27 New York Yankees
100%
5 Cincinnati Reds
96%
8 Los Angeles Dodgers
96%
9 Boston Red Sox
93%
9 Oakland Athletics
90%
8 San Francisco Giants
90%
4 Atlanta Braves
85%
11 Saint Louis Cardinals
81%
5 Pittsburgh Pirates
79%
4 Detroit Tigers
75%
No matching quizzes found
Score Distribution
Percent of People with Each Score
Percentile by Number Answered
Your Score History
You have not taken this quiz